Cemeteries and society in Merovingian Gaul (Record no. 133756)
[ view plain ]
| 000 -LEADER | |
|---|---|
| fixed length control field | 01868nam a2200457 a 4500 |
| 082 04 - DEWEY DECIMAL CLASSIFICATION NUMBER | |
| Classification number | 944/.013 |
| 100 1# - MAIN ENTRY--AUTHOR NAME | |
| Personal name | Halsall, Guy. |
| 245 10 - TITLE STATEMENT | |
| Title | Cemeteries and society in Merovingian Gaul |
| 260 ## - PUBLICATION, DISTRIBUTION, ETC. (IMPRINT) | |
| Place of publication | Leiden ; |
| -- | Boston : |
| Name of publisher | Brill, |
| Year of publication | 2010. |
| 300 ## - PHYSICAL DESCRIPTION | |
| Number of Pages | xvi, 417 p. : |
| Other physical details | ill., maps. |
| 490 1# - SERIES STATEMENT | |
| Series statement | Brill's series on the early Middle Ages, |
| 650 #0 - SUBJECT ADDED ENTRY--TOPICAL TERM | |
| Topical Term | Merovingians |
| Topical Term | Merovingians |
| Topical Term | Merovingians |
| Topical Term | Archaeology and history |
| Topical Term | Cemeteries |
| Topical Term | Burial |
| Topical Term | Funeral rites and ceremonies |
| Topical Term | Community life |
| 856 40 - ELECTRONIC LOCATION AND ACCESS | |
| Uniform Resource Identifier | http://site.ebrary.com/lib/rucke/Doc?id=10439303 |
No items available.
